Проектирование основной образовательной программы дошкольной образовательной организации (Запись № 12509708)

Подробности
000 -МАРКЕР
контрольное поле 03112nam0a2200325 4500
001 - ИДЕНТИФИКАТОР ЗАПИСИ
контрольное поле RU\NLR\BIBL_A\012577056
005 - ИДЕНТИФИКАТОР ВЕРСИИ
контрольное поле 20250722103200.0
010 ## - МЕЖДУНАРОДНЫЙ СТАНДАРТНЫЙ НОМЕР КНИГИ (ISBN)
Номер (ISBN) 978-5-907284-37-1
Тираж 500
021 ## - НОМЕР ГОСУДАРСТВЕННОЙ РЕГИСТРАЦИИ
Код страны Российская Федерация
Номер КН-П-21-021334
Номер Листа государственной регистраци КН-П-21-1660
035 ## - ДРУГИЕ СИСТЕМНЫЕ НОМЕРА
Идентификатор записи (NLR Aleph) 012577056
100 ## - ДАННЫЕ ОБЩЕЙ ОБРАБОТКИ
Данные общей обработки 20210810d2020 u y0rusy50 ca
101 0# - ЯЗЫК РЕСУРСА
Язык текста, звукозаписи и т.д. русский
102 ## - СТРАНА ПУБЛИКАЦИИ ИЛИ ПРОИЗВОДСТВА
Страна публикации Российская Федерация
105 ## - ПОЛЕ КОДИРОВАННЫХ ДАННЫХ: ТЕКСТОВЫЕ МАТЕРИАЛЫ, МОНОГРАФИЧЕСКИЕ
Кодированные данные о монографическом текстовом документе a|||j|||000zy
181 #0 - ПОЛЕ КОДИРОВАННЫХ ДАННЫХ: ВИД СОДЕРЖАНИЯ
Код вида содержания (ISBD) i
Код характеристики содержания (ISBD) axxe
182 #0 - ПОЛЕ КОДИРОВАННЫХ ДАННЫХ: ТИП СРЕДСТВА
Код типа средства (ISBD) n - непосредственное
200 1# - ЗАГЛАВИЕ И СВЕДЕНИЯ ОБ ОТВЕТСТВЕННОСТИ
Основное заглавие Проектирование основной образовательной программы дошкольной образовательной организации
Сведения, относящиеся к заглавию учебно-методическое пособие
-- для студентов педагогических вузов, обучающихся по направлениям подготовки 44.03.05 Педагогическое образование (с двумя профилями подготовки), направленность (профиль) "Дошкольное образование. Управление дошкольным образованием", "Дошкольное образование. Иностанный язык", "Начальное образование. Дошкольное образование", 44.04.01 Педагогическое образование, направленность (профиль) "Менеджмент в дошкольном образовании", 44.04.02 Психолого-педагогическое образование, направленность (профиль) "Управление и экспертиза в дошкольном образовании"
Первые сведения об ответственности М.Л. Семёнова
Последующие сведения об ответственности Министерство просвещения Российской Федерации, Федеральное государственное бюджетное образовательное учреждение высшего образования "Южно-Уральский государственный гуманитарно-педагогический университет" (ФГБОУ ВО "ЮУрГГПУ"), Южно-Уральский научный центр Российской академии образования
203 ## - ВИД СОДЕРЖАНИЯ И ТИП СРЕДСТВА
Вид содержания Текст
Дополнительные сведения об издании визуальный
Тип средства непосредственный
210 ## - ПУБЛИКАЦИЯ, РАСПРОСТРАНЕНИЕ И ДР.
Место издания, распространения и т.д. Челябинск
Имя издателя, распространителя и т. д. Южно-Урал. научный центр РАО
Дата издания, распространения и т.д. 2020
215 ## - ФИЗИЧЕСКАЯ ХАРАКТЕРИСТИКА
Специфическое обозначение материала и объем 119, [1] с.
Другие сведения о физической характеристике табл.
Размеры 20
320 ## - ПРИМЕЧАНИЯ О НАЛИЧИИ В ДОКУМЕНТЕ БИБЛИОГРАФИИ / УКАЗАТЕЛЯ
Текст примечания Библиогр.: с. 114-119 (41 назв.)
606 1# - НАИМЕНОВАНИЕ ТЕМЫ КАК ПРЕДМЕТ
Наименование темы Дошкольные учреждения
Формальный подзаголовок Учебно-методические пособия для высших учебных заведений
Тематический подзаголовок Учебные программы
-- Составление
Системный номер авторитетной/нормативной записи 2670073
Идентификатор авторитетной/нормативной записи RU\NLR\AUTH\6601757048
686 1# - ИНДЕКСЫ ДРУГИХ КЛАССИФИКАЦИЙ
Индекс Ч411.311я73
700 #1 - ИМЯ ЛИЦА - ПЕРВИЧНАЯ ОТВЕТСТВЕННОСТЬ
Графика поля Кириллица
Материалы, к которым относится поле rus
Начальный элемент ввода Семенова
Часть имени, кроме начального элемента ввода М. Л.
Дополнения к именам, кроме дат канд. пед. наук
Расширение инициалов личного имени Марина Леонидовна
Системный номер авторитетной/нормативной записи 23431
Идентификатор авторитетной/нормативной записи RU\NLR\AUTH\7740479
942 ## - ДОПОЛНИТЕЛЬНЫЕ ЭЛЕМЕНТЫ ЗАПИСИ (АБИС)
Тип экземпляра АБИС Книга
980 ## - КОЛЛЕКЦИЯ
Название коллекции Национальная библиография
980 ## - КОЛЛЕКЦИЯ
Название коллекции НБР

Нет доступных экземпляров.